Inhibitory and Excitatory Adult Learning After Prenatal Diazepam Application

Bibliographic Details
Main Authors: Hassmannová, Jarmila (Author), Mysliveček, Jaromír (Author)
Format: Article
Language:Slovak
English
PhysicalDescription:Graf 3, lit. 9 zázn. v angl., nem.
ISSN:0039-3320
Subjects:

MARC

LEADER 00000nab a2200000 a 4500
001 vtls000547225
003 SK-MaSNL
005 20260304090337.0
008 250425c1994 xo 0 slo
015 |a SNBRB19rr/mm-uuuuu 
035 |a CL0547363 
035 |a urn:nbn:sk:snk-ab2sn7 
035 |a (urnnbn)urn:nbn:sk:snk:ar-a02vrk 
035 |a (uuid)4cf9991e-aec2-43f6-bd4b-ec3747897950 
040 |a SNKBUCL  |b slo  |c SNKBUCL  |e AACR2 
041 0 |a eng 
044 |a xo  |c SK 
080 |a 615.214.017:159.953  |2 1981 
080 |a 159.953  |2 1981 
080 |a 159.953.5  |2 1981 
100 1 |a Hassmannová, Jarmila  |4 aut  |9 1381211 
245 1 0 |a Inhibitory and Excitatory Adult Learning After Prenatal Diazepam Application  |c Jarmila Hassmannová, Jaromír Mysliveček 
300 |b Graf 3, lit. 9 zázn. v angl., nem. 
650 0 7 |a učenie  |2 snkbucl  |9 3884 
650 0 7 |a diazepam  |2 snkbucl  |9 21052 
655 7 |a články z novín a časopisov  |2 snkbucl  |9 267496 
700 1 |a Mysliveček, Jaromír  |4 aut  |9 1308427 
773 0 |t Studia psychologica  |g Roč. 36, č. 5 (1994), s. 323-326  |x 0039-3320 
850 |a Slovenská národná knižnica 
852 |a Slovenská národná knižnica 
958 |a article27 
958 |a NB 
958 |a RK 
958 |a MI 
958 |a OND 
958 |a EUIPO 
992 |a RBX 
999 |c 2811161  |d 2813091